| 000 | 00430nam a2200145Ia 4500 | ||
|---|---|---|---|
| 008 | 220217s9999 xx 000 0 und d | ||
| 245 | 0 | _aMethods for testing tar and bituminous materials: Determination of flash point and fire point. (First Revision). | |
| 260 | _c1978 | ||
| 500 | _aStandard number: IS 1209 | ||
| 650 | _aBituminous materials | ||
| 650 | _aFire point | ||
| 650 | _aFlash point | ||
| 650 | _aTar | ||
| 942 | _cST | ||
| 999 |
_c73484 _d73484 |
||